00802 2200313 4500001002100000005001500021035002000036007000300056008004100059082001200100084001200112245006200124260003600186300002500222500003000247040001700277090001400294850001200308041000800320650002800328700001600356990001800372990001800390990001200408990001200420990001800432990001800450990002000468INLIS00000000084365620240920091154 a0010-0119000023ta190102 f 0 eng 04223a423 a423 AME10aThe American everyday dictionary /cedited by, Jess Stein31aNew York :bRandom House,c1955 a570 halaman ;c24 cm aTeks dalam bahasa Inggris aYOPDYOGbind aL 423 AME aYOPDYOG0 aeng 4aBahasa Inggris -- Kamus1 aStein, Jess a61676-PD/A.18 a61677-PD/A.18 a113G7-a a113G7-a a61676-PD/A.18 a61677-PD/A.18 a72996-PD/A.2024